| 000 | 00000nam##2200000za#4500 |
| 001 | 9.650544 |
| 003 | CaOODSP |
| 005 | 20210615114416 |
| 007 | ta |
| 008 | 150407|2007||||xxc||||| f|0| 0 eng|d |
| 020 | |a978-0-662-45063-4 |
| 040 | |aCaOODSP|beng |
| 043 | |an-cn--- |
| 086 | 1 |aH34-166/1-2007E |
| 110 | 1 |aCanada. |bHealth Canada. |
| 245 | 10|aHealthy pregnancy |
| 246 | 3 |aOur community supports a healthy pregnancy |
| 260 | |aOttawa - Ontario : |bHealth Canada |c[2007]. |
| 300 | |a[10]p. : |bphotographs ; |c16 cm. |
| 500 | |aCatalogue number and ISBN have been mislabelled on this publication. |
| 563 | |aPamphlet |
| 590 | |a09-09|b2009-02-27 |
| 690 | 07|aPregnancy|2gcpds |
| 690 | 07|aIndigenous peoples|2gcpds |
| 775 | 08|tHealthy pregnancy |w(CaOODSP)9.668359 |
| 775 | 08|tGrossesse en santé |w(CaOODSP)9.668360 |
| 776 | 0#|tHealthy pregnancy |w(CaOODSP)9.689520 |
| 986 | |aPublication Number: 3431 |